The theory of Business Finance: A Book of Readings. (Record no. 1960)

MARC details
005 - DATE AND TIME OF LATEST TRANSACTION
control field 20250505161041.0
020 ## - INTERNATIONAL STANDARD BOOK NUMBER
International Standard Book Number 0-02-303820-9
082 ## - DEWEY DECIMAL CLASSIFICATION NUMBER
Classification number 658.15 ARC
245 ## - TITLE STATEMENT
Title The theory of Business Finance: A Book of Readings.
250 ## - EDITION STATEMENT
Edition statement 2nd Ed.
260 ## - PUBLICATION, DISTRIBUTION, ETC.
Place of publication, distribution, etc. New York,
Name of publisher, distributor, etc. Macmillan publishers,
Date of publication, distribution, etc. 1976.
300 ## - PHYSICAL DESCRIPTION
Extent xii, 697p.: Ill.; figures
Dimensions 22cm.
700 ## - ADDED ENTRY--PERSONAL NAME
Other authors/Editors ARCHER, S. H.
942 ## - ADDED ENTRY ELEMENTS (KOHA)
Source of classification or shelving scheme Dewey Decimal Classification
Koha item type Books
Holdings
Date last seen Total checkouts Full call number Barcode Cost, replacement price Price effective from Koha item type Lost status Source of classification or shelving scheme Damaged status Not for loan Withdrawn status Home library Current library Shelving location Date acquired Cost, normal purchase price
05/05/2025   658.15 ARC 0000007536 30000.00 05/05/2025 Books   Dewey Decimal Classification       College of Business Education Main Library College of Business Education Main Library General Collection 05/05/2025 10000.00